| 000 | 01181nac a22003377a 4500 | ||
|---|---|---|---|
| 001 | BR6006141 | ||
| 003 | BR-BrBNA | ||
| 005 | 20240105113143.0 | ||
| 008 | 230509b bl.|||m| |||| 00| 0 por d | ||
| 040 |
_aBR-BrBNA _bpor _cBiblioteca Nacional de Agricultura |
||
| 072 | _aE10; E30 | ||
| 090 | _aE10 BR6006141 | ||
| 110 | 1 |
_aGrupo Especial para Racionalizacao da Agroindustria Canavieira do Nordeste, Recife, PE (Brasil) _95458 |
|
| 245 | 1 | _aAnte-projeto do nucleo de recolonizacao Marechal Castello Branco [mercado, credito rural, investimento, assistencia tecnica, Alagoas, Brasil] | |
| 260 | 3 |
_aRecife, PE (Brasil): _c1971. |
|
| 300 | _a232 p. | ||
| 490 |
_aPublicacao - Grupo Especial para Racionalizacao da Agroindustria Canavieira do Nordeste (Brazil) _vno. 6 _x |
||
| 500 | _a35 tables | ||
| 650 | _aPROJETO DE COLONIZACAO | ||
| 650 | _aCOLONIZACAO | ||
| 650 | _aREFORMA AGRARIA | ||
| 650 | _aTRABALHADOR RURAL | ||
| 650 | _aINVESTIMENTO | ||
| 650 | _aFINANCIAMENTO | ||
| 650 | _aCREDITO RURAL | ||
| 650 | _aEXPLORACAO AGRICOLA | ||
| 650 | _aMERCADO | ||
| 650 | _aALAGOAS | ||
| 909 |
_a202312 _bLúcia Elande _c55 _dLúcia Elande |
||
| 942 |
_2AGRIS _n0 _cMS |
||
| 999 |
_c262187 _d262187 |
||